[Event "World Chess Olympiad 2018"]
[Site "Batumi"]
[Date "2018.09.27"]
[Round "4"]
[Board "3"]
[WhiteFideId "2905540"]
[White "Cheparinov Ivan"]
[BlackFideId "12804444"]
[Black "Stremavicius Titas"]
[Result "1/2-1/2"]
[LiveChessVersion "1.4.8"]
[BlackElo "2467"]
[WhiteElo "2715"]

1. d4 {[%clk 1:30:57]} d5 {[%clk 1:30:44]} 2. c4 {[%clk 1:31:22]} e6
{[%clk 1:31:10]} 3. Nf3 {[%clk 1:31:44]} Nf6 {[%clk 1:31:34]} 4. g3
{[%clk 1:32:09]} dxc4 {[%clk 1:31:58]} 5. Bg2 {[%clk 1:32:35]} a6
{[%clk 1:32:21]} 6. O-O {[%clk 1:32:50]} Nc6 {[%clk 1:32:48]} 7. e3
{[%clk 1:33:13]} Bd7 {[%clk 1:33:13]} 8. Qe2 {[%clk 1:32:49]} Bd6
{[%clk 1:33:29]} 9. Qxc4 {[%clk 1:33:08]} O-O {[%clk 1:33:46]} 10. Nbd2
{[%clk 1:33:33]} Rb8 {[%clk 1:30:00]} 11. Rd1 {[%clk 1:30:04]} Qe7
{[%clk 1:29:46]} 12. b3 {[%clk 1:19:19]} e5 {[%clk 1:28:20]} 13. Bb2
{[%clk 1:18:00]} e4 {[%clk 1:28:06]} 14. Ne5 {[%clk 1:18:04]} Nxe5
{[%clk 1:28:26]} 15. dxe5 {[%clk 1:18:29]} Bxe5 {[%clk 1:28:48]} 16. Bxe5
{[%clk 1:18:51]} Qxe5 {[%clk 1:29:13]} 17. Nxe4 {[%clk 1:19:13]} Nxe4
{[%clk 1:29:36]} 18. Qxe4 {[%clk 1:19:03]} Qxe4 {[%clk 1:29:59]} 19. Bxe4
{[%clk 1:19:28]} Rfd8 {[%clk 1:29:36]} 20. Rd4 {[%clk 1:11:04]} Kf8
{[%clk 1:25:51]} 21. Rad1 {[%clk 1:06:26]} Ke7 {[%clk 1:25:57]} 22. b4
{[%clk 1:01:15]} h6 {[%clk 1:17:28]} 23. f4 {[%clk 0:56:04]} c6 {[%clk 1:12:25]}
24. Kf2 {[%clk 0:48:36]} Be6 {[%clk 0:58:22]} 25. Rxd8 {[%clk 0:38:39]} Rxd8
{[%clk 0:58:46]} 26. Rxd8 {[%clk 0:39:05]} Kxd8 {[%clk 0:59:09]} 27. a3
{[%clk 0:39:28]} Kc7 {[%clk 0:55:27]} 28. Ke2 {[%clk 0:39:53]} Kd6
{[%clk 0:29:41]} 29. Kd3 {[%clk 0:40:06]} b6 {[%clk 0:29:57]} 30. Kd4
{[%clk 0:40:11]} c5+ {[%clk 0:27:27]} 31. bxc5+ {[%clk 0:40:35]} bxc5+
{[%clk 0:27:54]} 32. Kc3 {[%clk 0:41:02]} f6 {[%clk 0:27:13]} 33. Bd3
{[%clk 0:41:00]} a5 {[%clk 0:26:42]} 34. e4 {[%clk 0:41:22]} g5 {[%clk 0:19:09]}
35. Bc4 {[%clk 0:40:09]} Bc8 {[%clk 0:19:04]} 36. Kb3 {[%clk 0:40:00]} Bd7
{[%clk 0:18:08]} 37. Be2 {[%clk 0:37:17]} Be6+ {[%clk 0:16:05]} 38. Kc3
{[%clk 0:32:55]} Bc8 {[%clk 0:16:22]} 39. Bd3 {[%clk 0:33:03]} Be6
{[%clk 0:16:14]} 40. Ba6 {[%clk 1:01:13]} Bd7 {[%clk 0:45:27]} 41. Kb3
{[%clk 0:59:54]} Be6+ {[%clk 0:42:41]} 42. Bc4 {[%clk 1:00:22]} Bd7
{[%clk 0:43:00]} 43. Bf7 {[%clk 0:59:05]} Bc6 {[%clk 0:42:19]} 44. Bg6
{[%clk 0:59:33]} Bb5 {[%clk 0:41:53]} 45. Bf5 {[%clk 0:56:30]} Be2
{[%clk 0:41:17]} 46. Bh7 {[%clk 0:54:41]} Bb5 {[%clk 0:38:52]} 47. Bg6
{[%clk 0:54:39]} Be2 {[%clk 0:38:10]} 48. Kc3 {[%clk 0:54:52]} Ba6
{[%clk 0:36:54]} 49. Bf7 {[%clk 0:54:03]} Bb7 {[%clk 0:37:19]} 50. Kd3
{[%clk 0:54:03]} Bc8 {[%clk 0:37:22]} 51. h4 {[%clk 0:51:09]} gxh4
{[%clk 0:37:41]} 52. gxh4 {[%clk 0:51:37]} Ba6+ {[%clk 0:36:44]} 53. Bc4
{[%clk 0:51:56]} Bc8 {[%clk 0:36:58]} 54. Kc3 {[%clk 0:52:13]} Bb7
{[%clk 0:37:01]} 55. Bd3 {[%clk 0:52:39]} Bc8 {[%clk 0:37:22]} 56. Kb3
{[%clk 0:48:44]} Be6+ {[%clk 0:37:34]} 57. Bc4 {[%clk 0:49:05]} Bd7
{[%clk 0:37:44]} 58. Be2 {[%clk 0:49:04]} Be6+ {[%clk 0:37:21]} 59. Bc4
{[%clk 0:26:34]} Bd7 {[%clk 0:37:39]} 60. Kc3 {[%clk 0:22:47]} Be8
{[%clk 0:37:24]} 61. Kd3 {[%clk 0:21:02]} 1/2-1/2

[Event "World Chess Olympiad 2018"]
[Site "Batumi"]
[Date "2018.09.27"]
[Round "4"]
[Board "4"]
[WhiteFideId "12800031"]
[White "Malisauskas Vidmantas"]
[BlackFideId "13602543"]
[Black "Jojua Davit"]
[Result "1-0"]
[LiveChessVersion "1.4.8"]
[BlackElo "2590"]
[WhiteElo "2443"]

1. d4 {[%clk 1:30:53]} Nf6 {[%clk 1:30:52]} 2. c4 {[%clk 1:31:10]} g6
{[%clk 1:31:18]} 3. Nc3 {[%clk 1:31:31]} Bg7 {[%clk 1:31:44]} 4. e4
{[%clk 1:31:50]} d6 {[%clk 1:32:10]} 5. h3 {[%clk 1:32:11]} O-O {[%clk 1:32:24]}
6. Bg5 {[%clk 1:32:35]} c5 {[%clk 1:31:38]} 7. d5 {[%clk 1:32:55]} e6
{[%clk 1:31:53]} 8. Nf3 {[%clk 1:32:55]} exd5 {[%clk 1:30:34]} 9. exd5
{[%clk 1:33:14]} Re8+ {[%clk 1:25:22]} 10. Be2 {[%clk 1:33:36]} h6
{[%clk 1:11:08]} 11. Be3 {[%clk 1:33:47]} Rxe3 {[%clk 1:07:00]} 12. fxe3
{[%clk 1:34:03]} Qe7 {[%clk 1:07:26]} 13. Bd3 {[%clk 1:27:50]} Nbd7
{[%clk 1:00:03]} 14. Kd2 {[%clk 1:27:02]} Ne5 {[%clk 0:57:03]} 15. Nxe5
{[%clk 1:27:21]} Qxe5 {[%clk 0:57:28]} 16. Qf3 {[%clk 1:27:06]} Qe7
{[%clk 0:54:36]} 17. g4 {[%clk 1:17:59]} Nd7 {[%clk 0:51:49]} 18. Be2
{[%clk 1:13:14]} Ne5 {[%clk 0:51:07]} 19. Qg3 {[%clk 1:13:32]} Bd7
{[%clk 0:49:30]} 20. h4 {[%clk 1:13:26]} Rb8 {[%clk 0:41:32]} 21. g5
{[%clk 1:09:52]} h5 {[%clk 0:41:25]} 22. Rhf1 {[%clk 1:10:08]} Ng4
{[%clk 0:28:43]} 23. Bxg4 {[%clk 1:08:31]} Bxg4 {[%clk 0:29:08]} 24. Rf4
{[%clk 1:08:25]} b5 {[%clk 0:20:42]} 25. cxb5 {[%clk 1:08:22]} Bxc3+
{[%clk 0:20:17]} 26. bxc3 {[%clk 1:05:32]} Rxb5 {[%clk 0:20:41]} 27. e4
{[%clk 1:04:10]} c4 {[%clk 0:14:56]} 28. Kc1 {[%clk 0:58:12]} Qb7
{[%clk 0:10:55]} 29. Rf2 {[%clk 0:57:20]} Qa6 {[%clk 0:08:44]} 30. Rb1
{[%clk 0:57:25]} Qa3+ {[%clk 0:03:49]} 31. Rbb2 {[%clk 0:57:47]} Rxb2
{[%clk 0:02:11]} 32. Rxb2 {[%clk 0:58:07]} Be2 {[%clk 0:02:40]} 33. Qe3
{[%clk 0:56:56]} Bd3 {[%clk 0:02:42]} 34. Qd4 {[%clk 0:57:17]} Kh7
{[%clk 0:00:58]} 35. e5 {[%clk 0:57:33]} dxe5 {[%clk 0:00:41]} 36. Qxe5
{[%clk 0:57:56]} Qc5 {[%clk 0:01:01]} 37. Qd4 {[%clk 0:56:22]} Qe7
{[%clk 0:01:17]} 38. Kd1 {[%clk 0:53:41]} Bf5 {[%clk 0:01:28]} 39. Rb8
{[%clk 0:51:31]} Bg4+ {[%clk 0:01:37]} 40. Kd2 {[%clk 1:20:59]} f6
{[%clk 0:30:48]} 41. gxf6 {[%clk 1:19:27]} Qe2+ {[%clk 0:30:07]} 42. Kc1
{[%clk 1:19:49]} Qf1+ {[%clk 0:30:15]} 43. Kb2 {[%clk 1:19:52]} 1-0

[Event "World Chess Olympiad 2018"]
[Site "Batumi"]
[Date "2018.09.27"]
[Round "4"]
[Board "1"]
[WhiteFideId "3901211"]
[White "Iturrizaga Bonelli Eduardo"]
[BlackFideId "2101246"]
[Black "Leitao Rafael"]
[Result "1/2-1/2"]
[LiveChessVersion "1.4.8"]
[BlackElo "2620"]
[WhiteElo "2636"]

1. c4 {[%clk 1:30:57]} Nf6 {[%clk 1:30:51]} 2. g3 {[%clk 1:30:57]} e6
{[%clk 1:31:02]} 3. Bg2 {[%clk 1:31:20]} d5 {[%clk 1:31:23]} 4. d4
{[%clk 1:31:05]} Be7 {[%clk 1:28:31]} 5. Nf3 {[%clk 1:29:51]} O-O
{[%clk 1:28:47]} 6. O-O {[%clk 1:28:28]} c6 {[%clk 1:28:03]} 7. b3
{[%clk 1:28:04]} b6 {[%clk 1:26:36]} 8. Bb2 {[%clk 1:27:37]} Nbd7
{[%clk 1:23:07]} 9. Nc3 {[%clk 1:26:37]} Ba6 {[%clk 1:09:40]} 10. Nd2
{[%clk 1:14:23]} b5 {[%clk 1:07:17]} 11. c5 {[%clk 1:05:43]} b4 {[%clk 1:04:37]}
12. Na4 {[%clk 1:06:00]} Bb5 {[%clk 1:00:21]} 13. Re1 {[%clk 0:59:31]} Qc7
{[%clk 0:58:46]} 14. Qc2 {[%clk 0:45:49]} Rfe8 {[%clk 0:54:01]} 15. f4
{[%clk 0:38:40]} Ng4 {[%clk 0:42:59]} 16. e4 {[%clk 0:38:17]} dxe4
{[%clk 0:43:04]} 17. Nxe4 {[%clk 0:25:36]} Ngf6 {[%clk 0:41:29]} 18. Ng5
{[%clk 0:23:58]} h6 {[%clk 0:40:35]} 19. Nf3 {[%clk 0:20:49]} Nd5
{[%clk 0:39:31]} 20. Bc1 {[%clk 0:20:58]} Bxa4 {[%clk 0:28:58]} 21. bxa4
{[%clk 0:21:14]} Rab8 {[%clk 0:28:04]} 22. Bf1 {[%clk 0:18:45]} Bf6
{[%clk 0:18:44]} 23. Bb2 {[%clk 0:15:29]} Red8 {[%clk 0:12:00]} 24. Bc4
{[%clk 0:13:42]} Nf8 {[%clk 0:12:08]} 25. Bb3 {[%clk 0:12:20]} Ng6
{[%clk 0:06:01]} 26. Rxe6 {[%clk 0:03:08]} Ngxf4 {[%clk 0:06:17]} 27. Re4
{[%clk 0:03:32]} Nh3+ {[%clk 0:06:07]} 28. Kg2 {[%clk 0:02:47]} Ng5
{[%clk 0:06:30]} 29. Nxg5 {[%clk 0:03:13]} Bxg5 {[%clk 0:06:15]} 30. Rae1
{[%clk 0:03:02]} Qd7 {[%clk 0:05:35]} 31. Qe2 {[%clk 0:01:44]} 1/2-1/2

[Event "World Chess Olympiad 2018"]
[Site "Batumi"]
[Date "2018.09.27"]
[Round "4"]
[Board "2"]
[WhiteFideId "2107139"]
[White "Fier Alexandr"]
[BlackFideId "3900258"]
[Black "Ynojosa Aponte Felix Jose"]
[Result "1/2-1/2"]
[LiveChessVersion "1.4.8"]
[BlackElo "2370"]
[WhiteElo "2558"]

1. d4 {[%clk 1:30:52]} Nf6 {[%clk 1:30:57]} 2. c4 {[%clk 1:31:18]} e6
{[%clk 1:31:24]} 3. Nc3 {[%clk 1:31:44]} d5 {[%clk 1:31:52]} 4. cxd5
{[%clk 1:32:08]} exd5 {[%clk 1:32:20]} 5. Bg5 {[%clk 1:32:33]} c6
{[%clk 1:32:46]} 6. e3 {[%clk 1:32:59]} Bd6 {[%clk 1:33:13]} 7. Bd3
{[%clk 1:33:23]} O-O {[%clk 1:33:38]} 8. Qc2 {[%clk 1:33:50]} h6 {[%clk 1:34:05]}
9. Bh4 {[%clk 1:34:16]} Re8 {[%clk 1:34:33]} 10. Nge2 {[%clk 1:34:40]} Be6
{[%clk 1:35:00]} 11. f3 {[%clk 1:35:05]} c5 {[%clk 1:30:46]} 12. Nb5
{[%clk 1:32:15]} Bf8 {[%clk 1:00:53]} 13. Bxf6 {[%clk 1:29:50]} Qxf6
{[%clk 0:54:31]} 14. Nc7 {[%clk 1:29:47]} Rc8 {[%clk 0:54:59]} 15. Nxa8
{[%clk 1:29:59]} c4 {[%clk 0:55:27]} 16. Bh7+ {[%clk 1:28:54]} Kh8
{[%clk 0:55:54]} 17. Nf4 {[%clk 1:29:18]} Nc6 {[%clk 0:49:08]} 18. Rd1
{[%clk 1:19:30]} Rxa8 {[%clk 0:38:31]} 19. O-O {[%clk 1:18:45]} g6
{[%clk 0:38:55]} 20. Bxg6 {[%clk 1:19:10]} fxg6 {[%clk 0:39:23]} 21. Nxg6+
{[%clk 1:10:50]} Kg7 {[%clk 0:39:10]} 22. Nxf8 {[%clk 1:11:05]} Rxf8
{[%clk 0:39:31]} 23. a3 {[%clk 1:09:08]} Bf7 {[%clk 0:35:43]} 24. Qd2
{[%clk 1:07:50]} Rd8 {[%clk 0:32:24]} 25. Qf2 {[%clk 1:02:14]} Bg6
{[%clk 0:31:08]} 26. Qg3 {[%clk 1:00:09]} Qd6 {[%clk 0:30:55]} 27. Qxd6
{[%clk 0:59:55]} Rxd6 {[%clk 0:31:22]} 28. Kf2 {[%clk 1:00:22]} b5
{[%clk 0:31:25]} 29. g4 {[%clk 1:00:48]} Rd7 {[%clk 0:25:28]} 30. h4
{[%clk 1:00:33]} b4 {[%clk 0:23:32]} 31. Kg3 {[%clk 0:52:31]} bxa3
{[%clk 0:22:09]} 32. bxa3 {[%clk 0:52:58]} Rb7 {[%clk 0:18:02]} 33. Kf4
{[%clk 0:48:43]} Rf7+ {[%clk 0:17:30]} 34. Kg3 {[%clk 0:49:09]} Rb7
{[%clk 0:17:57]} 35. Kf4 {[%clk 0:48:57]} Rf7+ {[%clk 0:18:23]} 36. Kg3
{[%clk 0:49:23]} Rb7 {[%clk 0:18:49]} 1/2-1/2

[Event "World Chess Olympiad 2018"]
[Site "Batumi"]
[Date "2018.09.27"]
[Round "4"]
[Board "3"]
[WhiteFideId "3902501"]
[White "Zavarce Sayago Oscar Enrique"]
[BlackFideId "2107660"]
[Black "Mekhitarian Krikor Sevag"]
[Result "1-0"]
[LiveChessVersion "1.4.8"]
[BlackElo "2543"]
[WhiteElo "2346"]

1. Nf3 {[%clk 1:30:56]} d5 {[%clk 1:28:50]} 2. c4 {[%clk 1:30:57]} e6
{[%clk 1:28:34]} 3. e3 {[%clk 1:27:15]} Nf6 {[%clk 1:28:55]} 4. b3
{[%clk 1:25:07]} Be7 {[%clk 1:27:38]} 5. Bb2 {[%clk 1:25:30]} O-O
{[%clk 1:28:03]} 6. Nc3 {[%clk 1:04:56]} b6 {[%clk 1:25:29]} 7. cxd5
{[%clk 0:59:11]} exd5 {[%clk 1:25:32]} 8. Be2 {[%clk 0:54:13]} Bb7
{[%clk 1:13:16]} 9. O-O {[%clk 0:54:33]} Re8 {[%clk 1:12:39]} 10. Rc1
{[%clk 0:51:24]} a6 {[%clk 1:12:19]} 11. d4 {[%clk 0:43:51]} Bd6 {[%clk 1:10:32]}
12. Ne5 {[%clk 0:44:19]} Bxe5 {[%clk 1:04:52]} 13. dxe5 {[%clk 0:44:46]} Rxe5
{[%clk 1:03:35]} 14. Nb5 {[%clk 0:44:56]} Re7 {[%clk 1:03:46]} 15. Bxf6
{[%clk 0:45:03]} gxf6 {[%clk 1:04:12]} 16. Nd4 {[%clk 0:45:18]} Kh8
{[%clk 0:32:52]} 17. Bd3 {[%clk 0:20:13]} c5 {[%clk 0:28:28]} 18. Qh5
{[%clk 0:17:40]} Qg8 {[%clk 0:28:41]} 19. Nf5 {[%clk 0:17:07]} Rd7
{[%clk 0:23:05]} 20. f4 {[%clk 0:13:51]} d4 {[%clk 0:23:15]} 21. e4
{[%clk 0:13:36]} Nc6 {[%clk 0:22:59]} 22. Rf3 {[%clk 0:07:39]} Nb4
{[%clk 0:17:02]} 23. Re1 {[%clk 0:04:58]} Qg6 {[%clk 0:12:51]} 24. Qh3
{[%clk 0:03:49]} Rdd8 {[%clk 0:10:28]} 25. Rg3 {[%clk 0:03:17]} Nxd3
{[%clk 0:10:53]} 26. Rxd3 {[%clk 0:01:05]} Bc8 {[%clk 0:06:39]} 27. Rg3
{[%clk 0:01:26]} Re8 {[%clk 0:07:06]} 28. Rxg6 {[%clk 0:01:12]} fxg6
{[%clk 0:07:35]} 29. Qh4 {[%clk 0:01:25]} gxf5 {[%clk 0:07:57]} 30. Qxf6+
{[%clk 0:00:52]} Kg8 {[%clk 0:08:26]} 31. Qc6 {[%clk 0:00:35]} Be6
{[%clk 0:08:48]} 32. exf5 {[%clk 0:00:42]} Bf7 {[%clk 0:08:47]} 33. Rxe8+
{[%clk 0:00:36]} Rxe8 {[%clk 0:09:16]} 34. Qh6 {[%clk 0:00:47]} 1-0

[Event "World Chess Olympiad 2018"]
[Site "Batumi"]
[Date "2018.09.27"]
[Round "4"]
[Board "4"]
[WhiteFideId "2106981"]
[White "El Debs Felipe de Cresce"]
[BlackFideId "3902480"]
[Black "Vivas Zamora Fabian Ernesto"]
[Result "1-0"]
[LiveChessVersion "1.4.8"]
[BlackElo "2363"]
[WhiteElo "2542"]

1. e4 {[%clk 1:30:56]} c5 {[%clk 1:30:34]} 2. Nf3 {[%clk 1:31:19]} d6
{[%clk 1:30:43]} 3. Bb5+ {[%clk 1:31:43]} Nd7 {[%clk 1:30:22]} 4. d4
{[%clk 1:32:04]} cxd4 {[%clk 1:29:58]} 5. Qxd4 {[%clk 1:32:20]} Ngf6
{[%clk 1:28:03]} 6. Nc3 {[%clk 1:26:21]} e5 {[%clk 1:21:13]} 7. Qd3
{[%clk 1:26:39]} h6 {[%clk 1:19:36]} 8. Be3 {[%clk 1:25:13]} Be7 {[%clk 1:18:07]}
9. O-O {[%clk 1:25:06]} a6 {[%clk 1:16:25]} 10. Bc4 {[%clk 1:25:19]} O-O
{[%clk 1:11:05]} 11. a4 {[%clk 1:25:38]} Qc7 {[%clk 1:06:58]} 12. Nh4
{[%clk 1:14:58]} Rd8 {[%clk 0:45:00]} 13. Ng6 {[%clk 0:40:08]} Nc5
{[%clk 0:39:51]} 14. Bxc5 {[%clk 0:40:10]} dxc5 {[%clk 0:40:19]} 15. Nxe7+
{[%clk 0:39:01]} Qxe7 {[%clk 0:40:47]} 16. Nd5 {[%clk 0:39:21]} Nxd5
{[%clk 0:38:29]} 17. Bxd5 {[%clk 0:39:44]} b6 {[%clk 0:30:47]} 18. Rfd1
{[%clk 0:34:43]} Bb7 {[%clk 0:26:31]} 19. c4 {[%clk 0:34:53]} Bxd5
{[%clk 0:21:02]} 20. cxd5 {[%clk 0:34:39]} Qb7 {[%clk 0:20:06]} 21. Qc3
{[%clk 0:32:05]} Qe7 {[%clk 0:17:57]} 22. g3 {[%clk 0:31:29]} Rac8
{[%clk 0:17:07]} 23. Qc4 {[%clk 0:30:05]} Qb7 {[%clk 0:16:58]} 24. Rd3
{[%clk 0:28:15]} Rd6 {[%clk 0:14:04]} 25. Rb3 {[%clk 0:26:32]} g6
{[%clk 0:10:26]} 26. Rc1 {[%clk 0:25:43]} f6 {[%clk 0:06:51]} 27. Qe2
{[%clk 0:25:42]} Rd7 {[%clk 0:04:12]} 28. Qe3 {[%clk 0:25:10]} Kg7
{[%clk 0:03:57]} 29. a5 {[%clk 0:25:26]} b5 {[%clk 0:03:01]} 30. Rxc5
{[%clk 0:25:45]} Rxc5 {[%clk 0:03:01]} 31. Qxc5 {[%clk 0:26:10]} Rc7
{[%clk 0:03:27]} 32. Qe3 {[%clk 0:25:37]} Rc2 {[%clk 0:02:13]} 33. Rc3
{[%clk 0:25:44]} Rxc3 {[%clk 0:01:38]} 34. Qxc3 {[%clk 0:25:58]} Kf7
{[%clk 0:01:51]} 35. Qc5 {[%clk 0:25:38]} f5 {[%clk 0:01:32]} 36. exf5
{[%clk 0:25:42]} gxf5 {[%clk 0:02:01]} 37. Qd6 {[%clk 0:25:57]} Qc8
{[%clk 0:01:36]} 38. Qxh6 {[%clk 0:26:02]} Qd7 {[%clk 0:00:36]} 39. Qh7+
{[%clk 0:26:16]} Ke8 {[%clk 0:01:04]} 40. Qxd7+ {[%clk 0:56:16]} 1-0

[Event "World Chess Olympiad 2018"]
[Site "Batumi"]
[Date "2018.09.27"]
[Round "4"]
[Board "1"]
[WhiteFideId "1207822"]
[White "Lupulescu Constantin"]
[BlackFideId "8100144"]
[Black "Mansour Sameer"]
[Result "1-0"]
[LiveChessVersion "1.4.8"]
[BlackElo "2232"]
[WhiteElo "2606"]

1. d4 {[%clk 1:30:57]} d6 {[%clk 1:29:32]} 2. e4 {[%clk 1:31:21]} Nf6
{[%clk 1:28:59]} 3. Bd3 {[%clk 1:30:55]} e5 {[%clk 1:28:41]} 4. c3
{[%clk 1:31:13]} Nbd7 {[%clk 1:26:44]} 5. Nf3 {[%clk 1:30:33]} d5
{[%clk 1:19:53]} 6. dxe5 {[%clk 1:03:08]} dxe4 {[%clk 1:18:03]} 7. exf6
{[%clk 1:03:26]} exf3 {[%clk 1:17:51]} 8. fxg7 {[%clk 0:57:23]} Bxg7
{[%clk 1:17:58]} 9. Qxf3 {[%clk 0:55:24]} Ne5 {[%clk 1:14:00]} 10. Bb5+
{[%clk 0:55:31]} Bd7 {[%clk 1:13:56]} 11. Qe2 {[%clk 0:49:12]} c6
{[%clk 0:49:49]} 12. O-O {[%clk 0:45:32]} cxb5 {[%clk 0:44:27]} 13. f4
{[%clk 0:39:00]} O-O {[%clk 0:37:53]} 14. fxe5 {[%clk 0:39:18]} Re8
{[%clk 0:37:49]} 15. Bf4 {[%clk 0:37:21]} Qb6+ {[%clk 0:37:37]} 16. Rf2
{[%clk 0:36:16]} Qc5 {[%clk 0:28:49]} 17. Nd2 {[%clk 0:35:09]} Bxe5
{[%clk 0:26:33]} 18. Ne4 {[%clk 0:29:40]} Qb6 {[%clk 0:22:12]} 19. Qf3
{[%clk 0:27:30]} Bg7 {[%clk 0:19:54]} 20. Nd6 {[%clk 0:26:08]} Re6
{[%clk 0:15:31]} 21. Qxb7 {[%clk 0:17:43]} Qxb7 {[%clk 0:15:23]} 22. Nxb7
{[%clk 0:18:07]} Rc6 {[%clk 0:14:11]} 23. Rd1 {[%clk 0:16:48]} Bg4
{[%clk 0:14:39]} 24. Rdd2 {[%clk 0:14:36]} Bf8 {[%clk 0:12:28]} 25. h3
{[%clk 0:13:11]} Be6 {[%clk 0:12:46]} 26. Nd8 {[%clk 0:12:03]} Ra6
{[%clk 0:10:47]} 27. Nxe6 {[%clk 0:12:05]} fxe6 {[%clk 0:10:49]} 28. Rf3
{[%clk 0:11:04]} Bc5+ {[%clk 0:09:28]} 29. Kh2 {[%clk 0:08:59]} Rf8
{[%clk 0:08:01]} 30. Rd7 {[%clk 0:07:19]} Rxf4 {[%clk 0:07:40]} 31. Rxf4
{[%clk 0:07:42]} Bd6 {[%clk 0:07:52]} 32. Rxd6 {[%clk 0:07:53]} Rxd6
{[%clk 0:08:21]} 33. Rd4 {[%clk 0:08:09]} Ra6 {[%clk 0:08:12]} 34. a3
{[%clk 0:08:26]} Rb6 {[%clk 0:05:59]} 35. Rd8+ {[%clk 0:08:29]} Kg7
{[%clk 0:05:50]} 36. Rd7+ {[%clk 0:08:50]} Kg6 {[%clk 0:05:53]} 37. Rxa7
{[%clk 0:09:06]} Rd6 {[%clk 0:04:29]} 38. a4 {[%clk 0:07:20]} Rd2
{[%clk 0:04:21]} 39. axb5 Rxb2 {[%clk 0:04:49]} 40. c4 {[%clk 0:37:53]} Rb4
{[%clk 0:34:12]} 41. Re7 {[%clk 0:33:34]} Kf5 {[%clk 0:23:41]} 42. Rxh7
{[%clk 0:33:06]} e5 {[%clk 0:24:02]} 43. Rh8 {[%clk 0:22:04]} e4 {[%clk 0:21:52]}
44. Rc8 {[%clk 0:17:44]} Kf4 {[%clk 0:21:45]} 45. c5 {[%clk 0:17:07]} e3
{[%clk 0:12:26]} 46. c6 {[%clk 0:15:58]} e2 {[%clk 0:10:19]} 47. Rf8+
{[%clk 0:15:06]} Ke3 {[%clk 0:10:20]} 48. c7 {[%clk 0:14:49]} e1=Q
{[%clk 0:09:12]} 49. c8=Q {[%clk 0:14:24]} Kd3 {[%clk 0:05:25]} 50. Rf3+
{[%clk 0:14:17]} 1-0

[Event "World Chess Olympiad 2018"]
[Site "Batumi"]
[Date "2018.09.27"]
[Round "4"]
[Board "2"]
[WhiteFideId "8103178"]
[White "Ahmad Al Khatib"]
[BlackFideId "1204297"]
[Black "Parligras Mircea-Emilian"]
[Result "0-1"]
[LiveChessVersion "1.4.8"]
[BlackElo "2623"]
[WhiteElo "2355"]

1. e4 {[%clk 1:30:08]} c5 {[%clk 1:30:51]} 2. Nf3 {[%clk 1:29:50]} e6
{[%clk 1:31:08]} 3. d3 {[%clk 1:30:01]} Nc6 {[%clk 1:31:05]} 4. g3
{[%clk 1:30:27]} d5 {[%clk 1:31:25]} 5. Nbd2 {[%clk 1:30:51]} Nf6
{[%clk 1:31:43]} 6. Bg2 {[%clk 1:31:14]} Be7 {[%clk 1:32:01]} 7. O-O
{[%clk 1:31:23]} O-O {[%clk 1:32:19]} 8. Re1 {[%clk 1:30:59]} Qc7
{[%clk 1:32:06]} 9. e5 {[%clk 1:30:12]} Nd7 {[%clk 1:32:27]} 10. Qe2
{[%clk 1:30:37]} b5 {[%clk 1:32:15]} 11. Nf1 {[%clk 1:29:41]} Bb7
{[%clk 1:32:03]} 12. Bf4 {[%clk 1:27:39]} Rfc8 {[%clk 1:31:39]} 13. h4
{[%clk 1:25:34]} a5 {[%clk 1:30:34]} 14. N1h2 {[%clk 1:08:33]} Qd8
{[%clk 1:28:50]} 15. g4 {[%clk 0:58:13]} h6 {[%clk 1:15:19]} 16. g5
{[%clk 0:54:13]} h5 {[%clk 1:15:45]} 17. Nf1 {[%clk 0:54:15]} g6 {[%clk 1:15:39]}
18. Ng3 {[%clk 0:53:47]} b4 {[%clk 1:06:55]} 19. c3 {[%clk 0:49:14]} bxc3
{[%clk 1:03:59]} 20. bxc3 {[%clk 0:49:30]} Ba6 {[%clk 1:04:03]} 21. Rad1
{[%clk 0:44:42]} Bf8 {[%clk 0:57:47]} 22. Nh2 {[%clk 0:30:49]} Bg7
{[%clk 0:57:25]} 23. Nxh5 {[%clk 0:28:08]} gxh5 {[%clk 0:57:24]} 24. Qxh5
{[%clk 0:23:01]} Ndxe5 {[%clk 0:52:15]} 25. Re3 {[%clk 0:04:14]} Ng6
{[%clk 0:43:32]} 26. Bg3 {[%clk 0:04:16]} Nce7 {[%clk 0:40:03]} 27. Bh3
{[%clk 0:03:35]} Nf5 {[%clk 0:38:51]} 28. Rf3 {[%clk 0:02:43]} Rc6
{[%clk 0:36:59]} 29. Ng4 {[%clk 0:00:41]} Bc8 {[%clk 0:31:56]} 30. Re1
{[%clk 0:00:34]} Bd7 {[%clk 0:30:11]} 31. Be5 {[%clk 0:00:35]} Nxe5
{[%clk 0:28:07]} 32. Rxe5 {[%clk 0:00:35]} Rb8 {[%clk 0:23:39]} 33. g6
{[%clk 0:00:34]} fxg6 {[%clk 0:22:13]} 34. Qxg6 {[%clk 0:00:55]} Be8
{[%clk 0:22:27]} 35. Nh6+ {[%clk 0:00:39]} Nxh6 {[%clk 0:22:40]} 36. Bxe6+
{[%clk 0:00:36]} Rxe6 {[%clk 0:22:26]} 37. Qxe6+ {[%clk 0:01:01]} Bf7
{[%clk 0:22:48]} 38. Rxf7 {[%clk 0:00:54]} Nxf7 {[%clk 0:23:12]} 39. Rf5
{[%clk 0:00:42]} Qe8 {[%clk 0:22:42]} 40. Qxd5 {[%clk 0:30:47]} Rb6
{[%clk 0:52:09]} 41. h5 {[%clk 0:30:29]} Rf6 {[%clk 0:51:19]} 42. Qxc5
{[%clk 0:30:15]} Rxf5 {[%clk 0:51:09]} 43. Qxf5 {[%clk 0:30:40]} Qe1+
{[%clk 0:51:29]} 44. Kg2 {[%clk 0:31:04]} Qxc3 {[%clk 0:51:54]} 45. h6
{[%clk 0:30:17]} Bxh6 {[%clk 0:51:26]} 0-1